ห้องสมุดวิทยาลัยพยาบาลบรมราชชนนี ตรัง
Boromarajonani College Of Nursing,Trang Library
เปลี่ยนเป็นภาษาไทย

Change to English
 แสดงรายละเอียดบรรณานุกรม
  กลับหน้าหลัก

Brief Record : Get Marc (ISO 2709) : E-mail record : QR code ปิดหน้าต่าง
หนังสือใหม่ : เกี่ยวกับ Collections
LEADER 00000nam 2200000uu 4500
001    13399123915
003     BCNT
008    260701s||||||||th 000 0 tha d
020    9786166234817
040    BCNT
050  4 WL704 ป133พ 2568
060  4 WL704 ป133พ 2568
100 0  ^aปชาณัฏฐ์ นันไทยทวีกุล.
245 1   ^aพยาบาลกับการจัดการความเจ็บปวด =^bNurse and pain management /^cปชาณัฏฐ์ นันไทยทวีกุล.
246 3   ^aNurse and pain management
250    ^aพิมพ์ครั้งที่ 1.
260    ^aกรุงเทพฯ :^bทริปเปิล ครีเอทีฟ,^c2568.
300    155 หน้า :^bภาพประกอบ ;^c25 ซม.
610    ^aพยาบาลศาสตร์.
650  4 ^aการพยาบาล.
655  4 ^aHealth Sciences Branch.
658    ^aaคณะพยาบาลศาสตร์.
710 2  ^aจุฬาลงกรณ์มหาวิทยาลัย.^bคณะพยาบาลศาสตร์.
999    ^aparamin
รายการนี้ยังไม่มีแท็ก
คุณยังไม่ได้ล็อกอิน คุณสามารถมีกิจกรรมร่วมกับเว็บไซต์ได้ แต่ต้องล็อกอินก่อน ::
  ล็อกอิน
ลำดับที่ ประเภท เลขเรียก สถานที่ สถานะ
1. หนังสือ
หนังสือ
WL704 ป133พ 2568 c.1 
  
ห้องสมุดสาขาหลัก
►ระบบ NLM
On Shelf
2. หนังสือ
หนังสือ
WL704 ป133พ 2568 c.2 
  
ห้องสมุดสาขาหลัก
►ระบบ NLM
On Shelf
3. หนังสือ
หนังสือ
WL704 ป133พ 2568 c.3 
  
ห้องสมุดสาขาหลัก
►ระบบ NLM
On Shelf
4. หนังสือ
หนังสือ
WL704 ป133พ 2568 c.4 
  
ห้องสมุดสาขาหลัก
►ระบบ NLM
On Shelf
5. หนังสือ
หนังสือ
WL704 ป133พ 2568 c.5 
  
ห้องสมุดสาขาหลัก
►ระบบ NLM
On Shelf
   [แสดง 5/5 รายการ]

รายการใกล้เคียง
    หัวเรื่อง [การพยาบาล.]

BibComment


ยังไม่เคยถูกคอมเมนท์

คอมเมนท์ทรัพยากรรายการนี้
  คอมเมนท์: พยาบาลกับการจัด..
Bib 13399123915

 
 
 

 Union Library Management : ULibM
Copyright 2026. All Rights Reserved.